Joueurs du mois de Ligue 1 (2022-2023) - Statistiques

Statistiques générales
  • Ce quiz a été pris 403 fois
    262 depuis la dernière actualisation
  • Le résultat moyen est 7 sur 8
Statistiques - réponses
Club Nationalité Joueur Mois % Correct
Paris-Saint-Germain France Kylian Mbappé Novembre - Décembre
99%
Paris-Saint-Germain France Kylian Mbappé Février
99%
Paris-Saint-Germain Brésil Neymar Août
99%
Paris-Saint-Germain Argentine Lionel Messi Septembre
98%
AS Monaco France Wissam Ben Yedder Janvier
86%
RC Lens Belgique Loïs Openda Mars
85%
RC Lens Belgique Loïs Openda Avril
85%
Stade Rennais France Martin Terrier Octobre
78%
Aucun quiz correspondant
Distribution des résultats
% des personnes avec chaque résultat
Percentile par nombre de réponses
Votre historique - résultats
Vous n’avez pas pris ce quiz depuis la dernière actualisation